000 00828nas a2200289 4500
001 BR2013010370
003 BR-BrBNA
005 20231205123439.0
007 ta
008 230509b bl.|||p| |||| 00| 00por d
040 _aBR-BrBNA
_bpor
_cBiblioteca Nacional de Agricultura
041 _a(Pt)
072 _aH20
100 1 _aRezende, E. de F.
100 1 _aCouto, F.A.
100 1 _aBorges, J.G.
100 1 _aSilva, D.M. da
100 1 _aBatista, L.R.
245 1 _aPotencial enzimático e toxigênico de fungos isolados de grãos de café
650 _aCAFÉ
650 _aMICROORGANISMO
650 _aMICOTOXINA
650 _aFUNGO
773 0 _tCoffee Science (Brazil)
_xISSN 1809-6875
_g(Jan-Mar 2013), v. 8(1) p. 69-77
_wBR2013010370
909 _a202311
_bLúcia
_c55
_dLúcia Elande
942 _2AGRIS
_n0
_cANA
999 _c233914
_d233914